000
00430nam a22001097a 4500
082
_a
080
100
_a
डकवर्थ, एंजेला
_9
82039
245
_a
संंकल्प-शक्ति
_b
जुनून और जिद की ताकत
260
_a
भोपाल
_b
मंजुला पब्लिशिंग हाउस
_c
2023
650
_a
सामान्य वर्ग
_9
36
942
_c
BK
999
_c
66357
_d
66357